El alcalde de Zalamea / (Record no. 148700)

MARC details
000 -CABECERA
campo de control de longitud fija 00698nam a2200217 u 4500
005 - FECHA Y HORA DE LA ÚLTIMA TRANSACCIÓN
campo de control 20240924071135.0
008 - ELEMENTOS DE LONGITUD FIJA--INFORMACIÓN GENERAL
campo de control de longitud fija 100616s2005 ag r 000 0 spa d
020 ## - NÚMERO INTERNACIONAL NORMALIZADO PARA LIBROS
Número Internacional Estándar del Libro 9875506354
035 ## - NÚMERO DE CONTROL DEL SISTEMA
Número de control de sistema UPN01000176597
049 ## - COLECCIÓN
Colección CG
050 #4 - SIGNATURA TOPOGRÁFICA DE LA BIBLIOTECA DEL CONGRESO
Número de clasificación PQ6292
Número de documento/Ítem A6a
100 1# - ASIENTO PRINCIPAL--NOMBRE PERSONAL
Nombre de persona Calderón de la Barca, Pedro,
Fechas asociadas al nombre 1600-1681
9 (RLIN) 28623
245 13 - MENCIÓN DE TÍTULO
Título El alcalde de Zalamea /
Mención de responsabilidad, etc. Pedro Calderón de la Barca ; pról. Silvina Beatriz Marsimian.
260 ## - PUBLICACIÓN, DISTRIBUCIÓN, ETC.
Lugar de publicación, distribución, etc. Buenos Aires :
Nombre del editor, distribuidor, etc. Longseller,
Fecha de publicación, distribución, etc. 2005.
300 ## - DESCRIPCIÓN FÍSICA
Extensión 227, [10] p.
440 #0 - MENCIÓN DE SERIE/ASIENTO SECUNDARIO--TÍTULO
Título Clásicos de siempre.
Nombre de parte o sección de la obra Joyas del teatro ;
Designación de volumen o secuencia 20
650 #4 - ASIENTO SECUNDARIO DE MATERIA - TERMINO TEMATICO
Término de materia o nombre geográfico como elemento de entrada Literatura española
9 (RLIN) 5069
650 #0 - ASIENTO SECUNDARIO DE MATERIA - TERMINO TEMATICO
Término de materia o nombre geográfico como elemento de entrada Teatro español
Subdivisión cronológica 1500-1700
9 (RLIN) 7208
905 ## - TIPO DE MATERIAL
Tipo de material Libro
Holdings
Estado de retiro Estado de pérdida Fuente del sistema de clasificación o colocación Estado dañado No para préstamo Código de colección Localización permanente Ubicación/localización actual Ubicación en estantería Total de préstamos Clasificación Código de barras Fecha visto por última vez Número de copia Tipo de ítem Koha
    Library of Congress Classification     Colección General Bib. Gregorio Torres Quintero Bib. Gregorio Torres Quintero Planta baja   PQ6292 A6a 273663 31/12/2020 1 Libro